[Event "British Rapidplay"]
[Site "Peterborough"]
[Date "2025.03.02"]
[Round "11.59"]
[White "Sennaroglu, Djan"]
[Black "Lapidus, Alexey M"]
[Result "0-1"]
[WhiteElo "1693"]
[BlackElo "1937"]
[PlyCount "114"]
[EventDate "2025.03.01"]
[EventType "swiss (rapid)"]
[EventRounds "11"]
[EventCountry "ENG"]
[SourceTitle "BritBase"]
[Source "John Saunders"]
[SourceDate "2025.03.03"]
[SourceVersion "1"]
[SourceVersionDate "2025.03.03"]
[SourceQuality "2"]

1. e4 c5 2. Nf3 e6 3. d4 cxd4 4. Nxd4 Nc6 5. Be3 Nf6 6. Nxc6 bxc6 7. Bd3 Be7 8. O-O d5 9. Nd2 h5 10. e5 Ng4 11. h3 Nxe5 12. Be2 h4 13. f4 Nd7 14. c4 Bc5 15. Bxc5 Nxc5 16. b4 Nd7 17. c5 a5 18. a3 Ba6 19. Bxa6 Rxa6 20. Qe2 Ra8 21. Nf3 Qf6 22. Rab1 Qc3 23. Ne5 Nxe5 24. Qxe5 Qxe5 25. fxe5 Rh5 26. bxa5 Rf5 27. Rxf5 exf5 28. Rb6 Rxa5 29. Rxc6 Rxa3 30. Rd6 Rc3 31. Rxd5 Ke7 32. Kf2 Ke6 33. Rd4 g5 34. Rd8 Kxe5 35. Rd7 Rxc5 36. Rxf7 Kf4 37. Re7 Rc2+ 38. Re2 Rxe2+ 39. Kxe2 Kg3 40. Kf1 Kh2 41. Kf2 g4 42. Kf1 g3 43. Ke2 Kxg2 44. Ke3 Kxh3 45. Kf3 g2 46. Kf2 Kh2 47. Ke2 g1=Q 48. Kf3 Qg4+ 49. Kf2 Qg3+ 50. Ke2 Kg2 51. Kd2 f4 52. Ke2 Qe3+ 53. Kd1 f3 54. Kc2 f2 55. Kd1 f1=Q+ 56. Kc2 Qff2+ 57. Kd1 Qee1# 0-1

[Event "British Rapidplay"]
[Site "Peterborough"]
[Date "2025.03.02"]
[Round "11.60"]
[White "Hng, Mei-Xian Eunice"]
[Black "Ekram, Itmam"]
[Result "1-0"]
[WhiteElo "2066"]
[BlackElo "1610"]
[PlyCount "57"]
[EventDate "2025.03.01"]
[EventType "swiss (rapid)"]
[EventRounds "11"]
[EventCountry "ENG"]
[SourceTitle "BritBase"]
[Source "John Saunders"]
[SourceDate "2025.03.03"]
[SourceVersion "1"]
[SourceVersionDate "2025.03.03"]
[SourceQuality "2"]

1. e3 e5 2. c4 c5 3. b3 Nf6 4. Bb2 d6 5. d4 exd4 6. exd4 Be7 7. d5 O-O 8. Bd3 Re8 9. Ne2 h6 10. O-O Bg4 11. h3 Bh5 12. Qc2 Bg6 13. Bxg6 fxg6 14. Qxg6 Bf8 15. Nf4 Qe7 16. Ne6 Na6 17. Nd2 Qf7 18. Qg3 Nb4 19. a3 Na6 20. Rfe1 Rac8 21. Ne4 Nxe4 22. Rxe4 Qd7 23. Rae1 Re7 24. Nxf8 Kxf8 25. Rxe7 Qxe7 26. Rxe7 Kxe7 27. Qxg7+ Ke8 28. Bf6 Rc7 29. Qg8+ 1-0

[Event "British Rapidplay"]
[Site "Peterborough"]
[Date "2025.03.02"]
[Round "11.61"]
[White "Sahoo, Shivam"]
[Black "Keerthi Kumar, Advait"]
[Result "0-1"]
[WhiteElo "1728"]
[BlackElo "1823"]
[PlyCount "184"]
[EventDate "2025.03.01"]
[EventType "swiss (rapid)"]
[EventRounds "11"]
[EventCountry "ENG"]
[SourceTitle "BritBase"]
[Source "John Saunders"]
[SourceDate "2025.03.03"]
[SourceVersion "1"]
[SourceVersionDate "2025.03.03"]
[SourceQuality "2"]

1. d4 Nf6 2. c4 g6 3. Nc3 Bg7 4. e4 d6 5. Be2 O-O 6. Nf3 e5 7. Be3 Nc6 8. d5 Ne7 9. O-O Ne8 10. Ne1 f5 11. f3 f4 12. Bf2 g5 13. Nd3 Ng6 14. b4 Nf6 15. c5 h5 16. Rc1 g4 17. cxd6 cxd6 18. Nb5 Rf7 19. Qc2 h4 20. fxg4 Bxg4 21. h3 Bxe2 22. Qxe2 a6 23. Nc3 Nh7 24. Qg4 Qf6 25. Bb6 Ng5 26. Ne1 Bf8 27. Nf3 Nxf3+ 28. Qxf3 Rg7 29. Ne2 Nh8 30. Rc2 Nf7 31. Rc7 Be7 32. Rc3 Ng5 33. Qd3 f3 34. Rxf3 Nxf3+ 35. Qxf3 Qxf3 36. Rxf3 Bd8 37. Bf2 Rc8 38. Nc3 Rf7 39. Rd3 b5 40. a3 Rb8 41. g3 hxg3 42. Bxg3 Bb6+ 43. Kg2 Bd4 44. Nd1 Rc8 45. h4 Rc2+ 46. Kh3 Re2 47. Nc3 Re3 48. Rxe3 Bxe3 49. Kg2 Bd4 50. Ne2 Bb2 51. Be1 Bxa3 52. Bc3 Rc7 53. Kf3 Rc4 54. Bd2 Bxb4 55. Bg5 a5 56. h5 a4 57. Bc1 a3 58. h6 a2 59. Bb2 Rc2 60. Ba1 Ba3 61. Bc3 Rxc3+ 62. Nxc3 a1=Q 63. Nxb5 Qf1+ 64. Kg4 Qe2+ 65. Kf5 Qxb5 66. Ke6 Qc4 67. Kf6 Kh7 68. Kg5 Qxe4 69. Kf6 Qxd5 70. Ke7 e4 71. Ke8 Qe6+ 72. Kd8 d5 73. Kc7 Qd6+ 74. Kc8 Qe7 75. Kb8 Bd6+ 76. Ka8 Bc5 77. Kb8 d4 78. Kc8 e3 79. Kb8 Qd7 80. Ka8 Kxh6 81. Kb8 e2 82. Ka8 e1=Q 83. Kb8 Qd2 84. Ka8 Qc3 85. Kb8 Qb4+ 86. Ka8 Qc3 87. Kb8 Ba7+ 88. Ka8 Bb8 89. Kxb8 Qb3+ 90. Ka8 Qba4+ 91. Kb8 Qab5+ 92. Ka8 Qbb7# 0-1

[Event "British Rapidplay"]
[Site "Peterborough"]
[Date "2025.03.02"]
[Round "11.63"]
[White "Mylovanov, Volodymyr"]
[Black "Barton, Ben"]
[Result "0-1"]
[WhiteElo "1821"]
[BlackElo "1857"]
[PlyCount "82"]
[EventDate "2025.03.01"]
[EventType "swiss (rapid)"]
[EventRounds "11"]
[EventCountry "ENG"]
[SourceTitle "BritBase"]
[Source "John Saunders"]
[SourceDate "2025.03.03"]
[SourceVersion "1"]
[SourceVersionDate "2025.03.03"]
[SourceQuality "2"]

1. c4 b5 2. cxb5 a6 3. bxa6 Bxa6 4. d4 d5 5. Nc3 Nf6 6. e3 Bxf1 7. Kxf1 e6 8. Qb3 Nbd7 9. Nf3 Rb8 10. Qa4 Bb4 11. Ne5 O-O 12. Nc6 Qc8 13. Nxb4 Nb6 14. Qc2 c5 15. Nd3 c4 16. Ne5 Ne8 17. g3 f6 18. Nf3 Nd6 19. Kg2 Qc7 20. a4 Nbc8 21. e4 Ne7 22. Bf4 Qc6 23. Nb5 Nxb5 24. Bxb8 dxe4 25. Ne1 Nxd4 26. Qd1 e3+ 27. f3 Rxb8 28. Qxd4 Nf5 29. Qc3 Rb3 30. Qc2 Nd4 31. Qe4 Rxb2+ 32. Kh3 Qd7 33. g4 e5 34. Qxe3 Ne2 35. Ng2 Nd4 36. Rhd1 Rb3 37. Rxd4 Qxd4 38. Qxd4 Rxf3+ 39. Kh4 g5+ 40. Kh5 Rh3+ 41. Nh4 Rxh4# 0-1

[Event "British Rapidplay"]
[Site "Peterborough"]
[Date "2025.03.02"]
[Round "11.64"]
[White "Bakhtiyarov, Kamronbek"]
[Black "Sanitt, Ethan"]
[Result "0-1"]
[WhiteElo "1676"]
[BlackElo "2102"]
[PlyCount "141"]
[EventDate "2025.03.01"]
[EventType "swiss (rapid)"]
[EventRounds "11"]
[EventCountry "ENG"]
[SourceTitle "BritBase"]
[Source "John Saunders"]
[SourceDate "2025.03.03"]
[SourceVersion "1"]
[SourceVersionDate "2025.03.03"]
[SourceQuality "2"]

1. e4 e6 2. d4 d5 3. Nc3 Bb4 4. Nge2 Nc6 5. e5 f6 6. exf6 Nxf6 7. a3 Bd6 8. Nb5 O-O 9. Nxd6 cxd6 10. Ng3 e5 11. dxe5 dxe5 12. Be2 Nd4 13. O-O Nxe2+ 14. Qxe2 Qc7 15. f3 Bd7 16. Bg5 Rac8 17. c3 Qb6+ 18. Qf2 d4 19. Bxf6 Rxf6 20. cxd4 exd4 21. Rad1 Bb5 22. Rfe1 d3 23. Qxb6 Rxb6 24. Rd2 Rbc6 25. Ne4 Rd8 26. Red1 Rc7 27. Nc3 Bc4 28. Ne4 Rcd7 29. Rc1 Bb5 30. Rc3 b6 31. Kf2 h6 32. b3 a5 33. Ke3 Re8 34. a4 Ba6 35. Rc6 Bb7 36. Rxb6 Rde7 37. Rxd3 Bxe4 38. fxe4 Rxe4+ 39. Kf3 R4e5 40. Rb5 Rf8+ 41. Kg3 Rxb5 42. axb5 Rf5 43. Rd8+ Kf7 44. Rb8 Rc5 45. Kf4 Rc2 46. g4 Rxh2 47. Ra8 Rb2 48. Rxa5 Rxb3 49. Ra7+ Kf6 50. Ra6+ Kf7 51. Ra7+ Kg6 52. Ra6+ Kh7 53. Rb6 Rb4+ 54. Kf3 Kg8 55. Rb8+ Kf7 56. Rb7+ Kg6 57. b6 Kf6 58. Kg3 Rb3+ 59. Kg2 g6 60. Rh7 Rxb6 61. Rxh6 Kg5 62. Rh3 Rb2+ 63. Kg1 Kxg4 64. Rc3 g5 65. Rc4+ Kh3 66. Rc3+ Kh4 67. Rc8 g4 68. Kh1 Kh3 69. Kg1 Kh4 70. Rc3 g3 71. Rc8 0-1

[Event "British Rapidplay"]
[Site "Peterborough"]
[Date "2025.03.02"]
[Round "11.65"]
[White "Nilim, Armaan"]
[Black "Suganya, Yugan"]
[Result "1-0"]
[WhiteElo "1848"]
[BlackElo "1770"]
[PlyCount "59"]
[EventDate "2025.03.01"]
[EventType "swiss (rapid)"]
[EventRounds "11"]
[EventCountry "ENG"]
[SourceTitle "BritBase"]
[Source "John Saunders"]
[SourceDate "2025.03.03"]
[SourceVersion "1"]
[SourceVersionDate "2025.03.03"]
[SourceQuality "2"]

1. d4 e5 2. dxe5 Nc6 3. Nf3 Qe7 4. Bf4 Qb4+ 5. Bd2 Qxb2 6. Nc3 Bb4 7. Rb1 Qa3 8. Rb3 Qa5 9. a3 Bxc3 10. Bxc3 Qc5 11. e6 f6 12. exd7+ Bxd7 13. e3 O-O-O 14. Bd3 Be6 15. Bb4 Nxb4 16. axb4 Qd6 17. Rb1 Ba2 18. Rb2 Bc4 19. O-O Bxd3 20. cxd3 Qxd3 21. Rd2 Qxd2 22. Nxd2 Ne7 23. Qc2 Nc6 24. Rc1 Rd7 25. b5 Nb4 26. Qa4 Rxd2 27. Qxb4 Rhd8 28. h3 b6 29. Rc6 Ra2 30. Qc4 1-0

[Event "British Rapidplay"]
[Site "Peterborough"]
[Date "2025.03.02"]
[Round "11.66"]
[White "Bellano, Harry"]
[Black "Pyda, Arjun"]
[Result "0-1"]
[WhiteElo "1654"]
[BlackElo "1819"]
[PlyCount "32"]
[EventDate "2025.03.01"]
[EventType "swiss (rapid)"]
[EventRounds "11"]
[EventCountry "ENG"]
[SourceTitle "BritBase"]
[Source "John Saunders"]
[SourceDate "2025.03.03"]
[SourceVersion "1"]
[SourceVersionDate "2025.03.03"]
[SourceQuality "2"]

1. e4 c5 2. Nf3 d6 3. c3 Nf6 4. d3 g6 5. Be2 Bg7 6. O-O O-O 7. Re1 Bg4 8. h3 Bxf3 9. Bxf3 Nc6 10. Be3 Nd7 11. Qd2 Re8 12. Bh6 Bh8 13. Bg5 Rb8 14. a4 a6 15. a5 Nxa5 16. d4 Nb3 0-1

[Event "British Rapidplay"]
[Site "Peterborough"]
[Date "2025.03.02"]
[Round "11.68"]
[White "Middleton, Ben"]
[Black "Riddoch, Alan"]
[Result "1-0"]
[WhiteElo "1611"]
[BlackElo "1751"]
[PlyCount "77"]
[EventDate "2025.03.01"]
[EventType "swiss (rapid)"]
[EventRounds "11"]
[EventCountry "ENG"]
[SourceTitle "BritBase"]
[Source "John Saunders"]
[SourceDate "2025.03.03"]
[SourceVersion "1"]
[SourceVersionDate "2025.03.03"]
[SourceQuality "2"]

1. c4 e5 2. Nc3 Nf6 3. g3 c6 4. Bg2 Be7 5. e4 O-O 6. Nf3 d6 7. O-O h6 8. d3 Be6 9. h3 Qd7 10. Kh2 c5 11. Be3 Nc6 12. Nd5 Rab8 13. Qd2 a6 14. Nh4 Nd4 15. Bxd4 cxd4 16. f4 b5 17. f5 Bxd5 18. cxd5 Rbc8 19. g4 Nh7 20. Nf3 Rc7 21. Rac1 Rfc8 22. Rxc7 Rxc7 23. Rc1 Rb7 24. h4 Nf6 25. Bh3 b4 26. g5 hxg5 27. hxg5 Nh5 28. f6 Qd8 29. Rc8 Kh7 30. g6+ fxg6 31. Ng5+ Kg8 32. fxe7 Qxc8 33. Bxc8 Rxe7 34. Be6+ Kf8 35. Qxb4 Nf4 36. Qb8+ Re8 37. Qxd6+ Re7 38. Qd8+ Re8 39. Nh7# 1-0

[Event "British Rapidplay"]
[Site "Peterborough"]
[Date "2025.03.02"]
[Round "11.69"]
[White "Mehta, Sophie"]
[Black "Mordyl, Monika"]
[Result "0-1"]
[WhiteElo "1682"]
[BlackElo "1649"]
[PlyCount "100"]
[EventDate "2025.03.01"]
[EventType "swiss (rapid)"]
[EventRounds "11"]
[EventCountry "ENG"]
[SourceTitle "BritBase"]
[Source "John Saunders"]
[SourceDate "2025.03.03"]
[SourceVersion "1"]
[SourceVersionDate "2025.03.03"]
[SourceQuality "2"]

1. d4 e6 2. Bf4 c5 3. e3 d5 4. Nf3 Nf6 5. Be2 Qa5+ 6. Nbd2 Ne4 7. c3 cxd4 8. exd4 Nxd2 9. Qxd2 Be7 10. O-O O-O 11. Bd3 Qd8 12. Rfe1 Bf6 13. Ne5 Nc6 14. Qe3 g6 15. Ng4 Bg7 16. Bh6 f5 17. Bxg7 Kxg7 18. Qh6+ Kg8 19. Ne5 Qf6 20. Re3 Qg7 21. Qg5 Nxe5 22. Rxe5 Bd7 23. f4 Rae8 24. Rae1 Qf6 25. Qh6 Qg7 26. Qh4 Qf6 27. Qh3 Rf7 28. Qh6 Qg7 29. Qg5 h6 30. Qg3 g5 31. fxg5 Qxg5 32. Qh3 Qd2 33. R5e2 Qg5 34. Re3 f4 35. Re5 Qf6 36. Qh5 Rg7 37. Rf5 exf5 38. Rxe8+ Bxe8 39. Qxe8+ Qf8 40. Qxf8+ Kxf8 41. Bxf5 Ke7 42. Kf2 Kf6 43. Bc8 b6 44. Kf3 Kg5 45. Be6 Re7 46. Bxd5 Re1 47. b3 Ra1 48. a4 Rc1 49. c4 Rc3+ 50. Ke4 Re3# 0-1

[Event "British Rapidplay"]
[Site "Peterborough"]
[Date "2025.03.02"]
[Round "11.71"]
[White "Takvorian, Sebouh"]
[Black "Bahtiyorova, Nodirabegim"]
[Result "1/2-1/2"]
[WhiteElo "1802"]
[BlackElo "1761"]
[PlyCount "62"]
[EventDate "2025.03.01"]
[EventType "swiss (rapid)"]
[EventRounds "11"]
[EventCountry "ENG"]
[SourceTitle "BritBase"]
[Source "John Saunders"]
[SourceDate "2025.03.03"]
[SourceVersion "1"]
[SourceVersionDate "2025.03.03"]
[SourceQuality "2"]

1. e4 e5 2. Nf3 Nf6 3. Nxe5 Nxe4 4. d4 d5 5. Be3 Bd6 6. Nf3 Nd7 7. Nbd2 Ndf6 8. Bd3 h6 9. h3 c6 10. c4 Nxd2 11. Nxd2 dxc4 12. Nxc4 Bb4+ 13. Nd2 Qd5 14. O-O Bxd2 15. Qxd2 O-O 16. Rfe1 Bf5 17. Bf1 Rfe8 18. Rac1 b6 19. Bc4 Qd7 20. Bxh6 gxh6 21. Qxh6 Nd5 22. Qg5+ Bg6 23. Bd3 Re6 24. h4 Qe7 25. Rxe6 Qxg5 26. hxg5 fxe6 27. Bxg6 Rc8 28. g3 Kg7 29. Be4 Ne7 30. f4 Rd8 31. Bxc6 Rc8 1/2-1/2

[Event "British Rapidplay"]
[Site "Peterborough"]
[Date "2025.03.02"]
[Round "11.75"]
[White "Keshari, Krish"]
[Black "Van Neerven, Yvon"]
[Result "1-0"]
[WhiteElo "1669"]
[BlackElo "1528"]
[PlyCount "53"]
[EventDate "2025.03.01"]
[EventType "swiss (rapid)"]
[EventRounds "11"]
[EventCountry "ENG"]
[SourceTitle "BritBase"]
[Source "John Saunders"]
[SourceDate "2025.03.03"]
[SourceVersion "1"]
[SourceVersionDate "2025.03.03"]
[SourceQuality "2"]

1. e4 e6 2. d4 d5 3. exd5 exd5 4. Bd3 Nf6 5. c3 Bd6 6. Nf3 O-O 7. O-O c5 8. Bg5 Be6 9. Nbd2 Nbd7 10. Re1 Qb6 11. Qc2 h6 12. Bh4 Rac8 13. Qb3 Nh5 14. Qxb6 Nxb6 15. Bg3 Nxg3 16. hxg3 c4 17. Bc2 Bg4 18. Ne5 Be6 19. Ndf3 Nd7 20. Nxd7 Bxd7 21. Ne5 Be6 22. f4 f6 23. Nxc4 Rxc4 24. Rxe6 Rc6 25. Bb3 Rd8 26. Bxd5 Rb6 27. Rxd6+ 1-0

[Event "British Rapidplay"]
[Site "Peterborough"]
[Date "2025.03.02"]
[Round "11.80"]
[White "Patel, Ananya"]
[Black "Sriram, Gautam"]
[Result "0-1"]
[WhiteElo "1531"]
[BlackElo "1597"]
[PlyCount "146"]
[EventDate "2025.03.01"]
[EventType "swiss (rapid)"]
[EventRounds "11"]
[EventCountry "ENG"]
[SourceTitle "BritBase"]
[Source "John Saunders"]
[SourceDate "2025.03.03"]
[SourceVersion "1"]
[SourceVersionDate "2025.03.03"]
[SourceQuality "2"]

1. c4 Nf6 2. g3 e6 3. Bg2 d5 4. cxd5 exd5 5. e3 Be7 6. Ne2 c6 7. Nbc3 Nbd7 8. d4 b6 9. Nf4 Bb7 10. b3 O-O 11. O-O Qc7 12. Bb2 Rad8 13. Rc1 Qb8 14. Qd3 Bd6 15. Nfe2 Rfe8 16. Rfe1 Re7 17. e4 dxe4 18. Nxe4 Nxe4 19. Bxe4 Nf6 20. Bxc6 Bxc6 21. Rxc6 Rde8 22. Rcc1 Bb4 23. Bc3 Bxc3 24. Rxc3 Nd5 25. Rcc1 Qd6 26. Qd2 Qb4 27. Qd3 Qa5 28. a4 Nb4 29. Qd2 Nc6 30. Qd3 Nb4 31. Qf3 Qa6 32. Rc4 Qa5 33. Kf1 Qd5 34. Qxd5 Nxd5 35. Rcc1 Nf6 36. Rc2 Re4 37. Rd2 Nd5 38. Rd3 Nb4 39. Rc3 Nd5 40. Rd3 Nb4 41. Rc3 a5 42. f3 R4e6 43. Kf2 R6e7 44. Kf1 Nd5 45. Rd3 Ne3+ 46. Kf2 Nc2 47. Rc1 Rxe2+ 48. Kf1 Nb4 49. Rdd1 Rxh2 50. Re1 Rxe1+ 51. Rxe1 Rh1+ 52. Kf2 Nd3+ 53. Ke2 Nxe1 54. Ke3 Kf8 55. d5 Ke7 56. Ke4 Kd6 57. Kd4 Nxf3+ 58. Ke4 Nd2+ 59. Kd4 Nxb3+ 60. Kc4 Nc5 61. g4 Nxa4 62. Kd4 Rd1+ 63. Ke4 Rxd5 64. Kf4 b5 65. Kf3 b4 66. Ke2 b3 67. Kf3 b2 68. Kf4 b1=Q 69. Kf3 Qf1+ 70. Ke3 Re5+ 71. Kd2 Qe2+ 72. Kc1 Rc5+ 73. Kb1 Qb2# 0-1

[Event "British Rapidplay tie-break"]
[Site "Peterborough"]
[Date "2025.03.02"]
[Round "1"]
[White "Kovchan, Alexander"]
[Black "Vitiugov, Nikita"]
[Result "1-0"]
[WhiteElo "2433"]
[BlackElo "2668"]
[PlyCount "89"]
[EventDate "2025.03.02"]
[EventType "match (blitz)"]
[EventRounds "3"]
[EventCountry "ENG"]
[SourceTitle "BritBase"]
[Source "John Saunders"]
[SourceDate "2025.03.03"]
[SourceVersion "1"]
[SourceVersionDate "2025.03.03"]
[SourceQuality "2"]

1. e4 e5 2. Nf3 Nc6 3. Bb5 a6 4. Ba4 Nf6 5. O-O Be7 6. d3 b5 7. Bb3 d6 8. c3 O-O 9. a4 b4 10. a5 Bd7 11. Bc4 Qc8 12. Nbd2 Rb8 13. Re1 bxc3 14. bxc3 Be6 15. Qa4 Bxc4 16. Nxc4 Qd7 17. h3 Rb5 18. Ba3 Rfb8 19. d4 Bf8 20. d5 Ne7 21. Bc1 Qc8 22. Bg5 Nd7 23. Be3 f5 24. Na3 R5b7 25. Ng5 Nf6 26. f3 Rb3 27. Qc4 Qb7 28. Ne6 Ng6 29. Nc2 Rb2 30. Nb4 fxe4 31. fxe4 Nh4 32. Bf2 Ng6 33. Nxa6 Rxf2 34. Kxf2 Qa7+ 35. Kg3 Rb2 36. Re2 Nh5+ 37. Kh2 Rxe2 38. Qxe2 Nhf4 39. Nxf4 Nxf4 40. Qf1 h5 41. Nb4 h4 42. a6 Be7 43. Nc6 Qe3 44. Nxe7+ Kh7 45. Qf3 1-0

[Event "British Rapidplay tie-break"]
[Site "Peterborough"]
[Date "2025.03.02"]
[Round "2"]
[White "Vitiugov, Nikita"]
[Black "Kovchan, Alexander"]
[Result "1-0"]
[WhiteElo "2668"]
[BlackElo "2433"]
[PlyCount "59"]
[EventDate "2025.03.02"]
[EventType "match (blitz)"]
[EventRounds "3"]
[EventCountry "ENG"]
[SourceTitle "BritBase"]
[Source "John Saunders"]
[SourceDate "2025.03.03"]
[SourceVersion "1"]
[SourceVersionDate "2025.03.03"]
[SourceQuality "2"]

1. Nf3 Nf6 2. b3 g6 3. Bb2 Bg7 4. g3 b6 5. Bg2 Bb7 6. c4 c5 7. O-O O-O 8. d4 cxd4 9. Qxd4 Na6 10. Rd1 Nc5 11. Qh4 Rc8 12. g4 Nfe4 13. Bxg7 Kxg7 14. g5 Qc7 15. Na3 Nd6 16. Nd4 Bxg2 17. Kxg2 a6 18. Nac2 Qb7+ 19. f3 e5 20. Ne3 Nde4 21. Ndc2 Nc3 22. Ng4 f5 23. gxf6+ Kg8 24. Rd6 Nxe2 25. Nxe5 Rce8 26. Qh6 Rf7 27. Nxf7 Nf4+ 28. Qxf4 Re2+ 29. Kf1 Kxf7 30. Kxe2 1-0

[Event "British Rapidplay tie-break"]
[Site "Peterborough"]
[Date "2025.03.02"]
[Round "3"]
[White "Kovchan, Alexander"]
[Black "Vitiugov, Nikita"]
[Result "1/2-1/2"]
[WhiteElo "2433"]
[BlackElo "2668"]
[PlyCount "94"]
[EventDate "2025.03.02"]
[EventType "match (blitz)"]
[EventRounds "3"]
[EventCountry "ENG"]
[SourceTitle "BritBase"]
[Source "John Saunders"]
[SourceDate "2025.03.03"]
[SourceVersion "1"]
[SourceVersionDate "2025.03.03"]
[SourceQuality "2"]

1. e4 c5 2. Nf3 a6 3. c3 e6 4. d4 d5 5. exd5 exd5 6. dxc5 Bxc5 7. Bd3 Nc6 8. O-O Nge7 9. Nbd2 O-O 10. Nb3 Bb6 11. h3 h6 12. Bf4 Ng6 13. Bg3 Be6 14. Re1 Qf6 15. Bf1 Rad8 16. Nbd4 Nxd4 17. Nxd4 Bxd4 18. cxd4 Bf5 19. Rc1 Rc8 20. Qa4 Qb6 21. Rxc8 Bxc8 22. b3 Be6 23. Rc1 Qd8 24. Rc7 Bc8 25. Qb4 Re8 26. Qc5 Nf8 27. Qa7 Ne6 28. Rc1 Qg5 29. Re1 Qd2 30. Re2 Qd1 31. Be5 Bd7 32. a4 Qxb3 33. Re3 Qb1 34. Rg3 Bxa4 35. f4 Bb5 36. Rf3 Bxf1 37. Rxf1 Qb5 38. f5 Ng5 39. f6 g6 40. Rc1 Qb3 41. Qc5 Qe3+ 42. Kh2 Ne4 43. Qc2 Nxf6 44. Rf1 Nd7 45. Qa4 b5 46. Qxa6 Nxe5 47. Qf6 Qxd4 {Armageddon game - by drawing, Black took the title} 1/2-1/2